RM-Systém-Podateľňa

Obchodovanie s akciami v RM-Systéme-Podateľňa. Podmienka úspešnej realizácie obchodu. Stanovenie aktuálnej ceny akcií. Burzové hodiny.

Na minha lista:
Detalhes bibliográficos
Autor principal: Pumová, A.
Formato: Capítulo de Livro
Idioma:eslovaco
Assuntos:
Tags: Adicionar Tag
Sem tags, seja o primeiro a adicionar uma tag!

MARC

LEADER 00000naa a2200000 4500
001 r018613
005 20221213100554.2
041 0 |a slo 
044 |a SK 
245 1 0 |a RM-Systém-Podateľňa  |c A. Pumová 
520 |a Obchodovanie s akciami v RM-Systéme-Podateľňa. Podmienka úspešnej realizácie obchodu. Stanovenie aktuálnej ceny akcií. Burzové hodiny. 
610 2 0 |a burzy 
610 2 0 |a obchody burzové 
610 2 0 |a papiere cenné 
610 2 0 |a akcie 
610 2 0 |a RM-Systém Slovakia 
100 1 |a Pumová, A.